000 00495nam a2200181Ia 4500
001 11966
005 20260306162907.0
008 260306t2023||||xx |||||||||||||| ||spa||
041 _aESP
082 _aHR 340
_bV. 26 N° 1 2023 IO
110 _aCorte Superior de Justicia de Arequipa
245 0 _aIuris Omnes :
_brevista de la Corte Superior de Justicia de Arequipa
260 _c2023
300 _a122 páginas :
_c28 cm.
650 _aGEN
654 _aCDE
942 _cREV
_dJUS
_fJUS
_2ddc
_n
999 _c11966
_d11966